Guía sobre economía de la calidad : (Registro nro. 11490)

Detalles MARC
000 -LEADER
fixed length control field 00909nam a2200265Ia 4500
003 - CONTROL NUMBER IDENTIFIER
control field OSt
005 - DATE AND TIME OF LATEST TRANSACTION
control field 20210414114822.0
008 - FIXED-LENGTH DATA ELEMENTS--GENERAL INFORMATION
fixed length control field 210310s1995 ck ad gr 000 0 spa d
020 ## - INTERNATIONAL STANDARD BOOK NUMBER
International Standard Book Number 0
040 ## - CATALOGING SOURCE
Original cataloging agency CO-JMCR
Transcribing agency CO-JMCR
041 0# - LANGUAGE CODE
Language code of text/sound track or separate title spa
082 04 - DEWEY DECIMAL CLASSIFICATION NUMBER
Classification number 658.562 /
Item number I59g
Edition number 23
110 2# - MAIN ENTRY--CORPORATE NAME
Corporate name or jurisdiction name as entry element Instituto Colombiano de Normas Técnicas y Certificación.
Relator term autor
9 (RLIN) 2169
245 10 - TITLE STATEMENT
Title Guía sobre economía de la calidad :
Remainder of title parte 1. Modelo de costos del proceso /
Statement of responsibility, etc. Icontec
260 ## - PUBLICATION, DISTRIBUTION, ETC.
Place of publication, distribution, etc. Bogotá :
Name of publisher, distributor, etc. Icontec,
Date of publication, distribution, etc. 1995.
300 ## - PHYSICAL DESCRIPTION
Extent 25 páginas :
Other physical details ilustraciones en blanco y negro ;
Dimensions 30 cm.
490 0# - SERIES STATEMENT
Series statement Norma técnica colombiana
500 ## - GENERAL NOTE
General note Norma técnica Colombiana.
650 14 - SUBJECT ADDED ENTRY--TOPICAL TERM
Topical term or geographic name entry element Costos de calidad.
9 (RLIN) 25669
650 24 - SUBJECT ADDED ENTRY--TOPICAL TERM
Topical term or geographic name entry element Evaluación de costos.
9 (RLIN) 36807
650 24 - SUBJECT ADDED ENTRY--TOPICAL TERM
Topical term or geographic name entry element Control de calidad.
9 (RLIN) 11331
650 24 - SUBJECT ADDED ENTRY--TOPICAL TERM
Topical term or geographic name entry element Economía de la calidad.
9 (RLIN) 36808
650 24 - SUBJECT ADDED ENTRY--TOPICAL TERM
Topical term or geographic name entry element Costos de procesos.
9 (RLIN) 36809
942 ## - ADDED ENTRY ELEMENTS (KOHA)
Source of classification or shelving scheme Dewey Decimal Classification
Koha item type Books
Existencias
Withdrawn status Lost status Source of classification or shelving scheme Damaged status Not for loan Home library Current library Shelving location Date acquired Source of acquisition Full call number Barcode Date last seen Copy number Price effective from Koha item type
    Dewey Decimal Classification     Biblioteca Pública José María del Castillo y Rada Biblioteca Pública José María del Castillo y Rada General Stacks 04/15/2018 Donación 658.562 / I59g 430012143 05/16/2024 Ej.1 03/10/2021 Books